Video game consoles part 1 - Statistics

General Stats
  • This quiz has been taken 30 times
  • The average score is 9 of 15
Answer Stats
Company, year Video game console % Correct
Nintendo, 1985 Nintendo entertainment system
88%
Nintendo, 1990 Super Nintendo entertainment system
88%
Atari, 1976 Atari 2600
83%
Sega, 1989 Sega Genesis
71%
Coleco, 1982 Colecovision
67%
Magnavox, 1972 Magnavox odyssey
67%
Sega, 1985 Sega master system
67%
Atari, 1982 Atari 5200
63%
Nintendo, 1989 Gameboy
54%
Atari, 1986 Atari 7800
42%
Mattel electronics, 1979 Intellivision
38%
SNK, 1991 NeoGeo
38%
Atari, 1972 Atari pong
33%
Fairchild semiconductor, 1976 Fairchild channel F
29%
Hudson soft, 1989 TurboGrafx-16
25%
No matching quizzes found
Score Distribution
Percent of People with Each Score
Percentile by Number Answered
Your Score History
You have not taken this quiz